| 000 | 00916cam a22001934a 4500 | ||
|---|---|---|---|
| 005 | 20250605164327.0 | ||
| 008 | 250528s ||||||||||||||||||||||||d | ||
| 035 | _a23103 | ||
| 020 | _a803982771 | ||
| 040 |
_aGR-AtMCL _bgre _dGR-AtMCL _eAACR2 |
||
| 245 | 1 | _aIntegrative Counselling Skills in Action | |
| 260 |
_bSage Publications, _c1993 |
||
| 300 | _a150 | ||
| 520 | _aThis book provides a clear and concise guide to the purposeful use of counselling skills. It has written for counsellors, counsellors in training and professional helpers, whatever their theoretical orientation. Preface, Acknowledgements, Overview: Introducing the Integrative Skills Model, The Beginning Stage: Exploration and Contracting and Assessment, The Foundation Skills of Counselling, The Middle Stage: Action and Closure, Case Study, Index. | ||
| 700 | 1 |
_aCulley Sue _97593 |
|
| 942 | _cBK | ||
| 999 |
_c8133 _d8133 |
||